000 01420cam a2200229 4500
001 ABS63748
008 000000n2001 000 0 eng u
035 _a(Sirsi) u111433
100 _aDavies, J.
245 4 _aThe 2000 planning appeal procedures
260 _c2001
490 _aCSM (Chartered Surveyor Monthly)
_vMarch 2001, 31(1)
520 _aProvides an agent's perspective on the new planning appeal procedures introduced on 1 August 2000. These were intended to create a fairer, more efficient planning system. Notes that appeals are won by ensuring the inspector is provided with all the information needed to support the case. Also advises that if a statement is late, without good reason, it will be sent back. Recommends reading Circular 5/2000, which can be viewed at: www.planning-inspectorate.gov.uk. Also advises looking out for a new Planning Policy Standard on the handling of appeals under the new procedures. This will suggest good practice for town planners, and is being prepared by the Royal Town Planning Institute and Planning Inspectorate. On completion it will be available at: www.rtpi.org.uk.
590 _aABS
650 _aPLANNING APPEALS
650 _aINFORMATION PROVISION
650 _aGUIDANCE
650 _aROYAL TOWN PLANNING INSTITUTE
650 _aPLANNING INSPECTORATE
690 _aENVIRONMENTAL AND LAND CONSULTANCY-PLANNING AND DEVELOPMENT
942 _n0
999 _c66395
_d66395